English Monarchs - Sudden Death - Statistics

General Stats
  • This quiz has been taken 275 times
    100 since last reset
  • The average score is 11 of 24
Answers on the Grid
Answers color-coded by a green-red scale on the quiz's grid according to % correct below.
Albert
Alfred
Anne
Arthur
Caroline
Catherine
Charles
Cnut
Edgar
Edmund
Edward
Elizabeth
George
Gregory
Harold
Harthacnut
Henry
James
John
Louis
Mary
Michael
Oliver
Phillip
Richard
Stephen
Theodore
Thomas
Victoria
William
Ælfweard
Æthelstan
Eadred
Eadwig
Éomer
Æthelred
Sweyn
Lloyd
Winston
Ælfgifu
 
Answer Stats
Answer % Correct
Henry
72%
Mary
68%
Richard
68%
Charles
64%
George
64%
Elizabeth
60%
Victoria
60%
William
60%
James
58%
Edward
54%
Anne
50%
John
46%
Stephen
46%
Harold
40%
Æthelred
36%
Æthelstan
30%
Cnut
30%
Edmund
28%
Harthacnut
26%
Edgar
24%
Eadred
20%
Eadwig
20%
Sweyn
20%
Ælfweard
16%
No matching quizzes found
Score Distribution
Percent of People with Each Score
Percentile by Number Answered
Your Score History
You have not taken this quiz since the last reset